Pivári sa spoliehajú na horkosť

Výrazná zmena trhu s pivom - ponuka rôznych pivných špeciálov aj u veľkých producentov. Pandémia a pivovarníci. Súčasné pivné trendy.

Salvato in:
Dettagli Bibliografici
Autore principale: Kapitán, Peter
Natura: Capitolo di libro
Lingua:slovacco
Soggetti:
Tags: Aggiungi Tag
Nessun Tag, puoi essere il primo ad aggiungerne!!

MARC

LEADER 00000naa a2200000 4500
001 0276612
005 20210906134954.8
041 0 |a slo 
044 |a CZ 
245 1 0 |a Pivári sa spoliehajú na horkosť  |c Peter Kapitán 
520 |a Výrazná zmena trhu s pivom - ponuka rôznych pivných špeciálov aj u veľkých producentov. Pandémia a pivovarníci. Súčasné pivné trendy. 
610 2 0 |a pivo 
610 2 0 |a pivovarníctvo 
610 2 0 |a spotrebitelia 
610 2 0 |a pandémia 
610 2 0 |a spotreba domácností 
100 1 |a Kapitán, Peter